<?xml version="1.0" encoding="UTF-8"?>
<record
    xmlns:xsi="http://www.w3.org/2001/XMLSchema-instance"
    xsi:schemaLocation="http://www.loc.gov/MARC21/slim http://www.loc.gov/standards/marcxml/schema/MARC21slim.xsd"
    xmlns="http://www.loc.gov/MARC21/slim">

  <leader>00916nam a2200253 a 4500</leader>
  <controlfield tag="001">BRCA_7927</controlfield>
  <controlfield tag="005">20190320210044.0</controlfield>
  <controlfield tag="008">070314s1967----mx-a###f##---#000-0#spa-#</controlfield>
  <datafield tag="041" ind1=" " ind2=" ">
    <subfield code="a">spa</subfield>
  </datafield>
  <datafield tag="044" ind1=" " ind2=" ">
    <subfield code="a">mx</subfield>
  </datafield>
  <datafield tag="050" ind1=" " ind2="4">
    <subfield code="a">E98</subfield>
    <subfield code="b">.SI571</subfield>
    <subfield code="c">1967</subfield>
  </datafield>
  <datafield tag="100" ind1="1" ind2=" ">
    <subfield code="a">Siebert, Erna</subfield>
    <subfield code="9">19610</subfield>
  </datafield>
  <datafield tag="245" ind1="1" ind2="0">
    <subfield code="a">El arte de los indios norteamericanos de la costa noroeste</subfield>
    <subfield code="b">m&#xE1;scaras, amuletos, maderas talladas e indumentaria ceremonial</subfield>
    <subfield code="c">Erna Siebert y Werner Forman ; traducci&#xF3;n  del ingl&#xE9;s de Lauro Jos&#xE9; Zavala.</subfield>
  </datafield>
  <datafield tag="260" ind1=" " ind2=" ">
    <subfield code="a">M&#xE9;xico</subfield>
    <subfield code="b">Fondo de Cultura Econ&#xF3;mica</subfield>
    <subfield code="c">1967</subfield>
  </datafield>
  <datafield tag="300" ind1=" " ind2=" ">
    <subfield code="a">47 p.</subfield>
    <subfield code="b">il. a color, 107 l&#xE1;minas</subfield>
    <subfield code="c">31 cm.</subfield>
  </datafield>
  <datafield tag="500" ind1=" " ind2=" ">
    <subfield code="a">302</subfield>
  </datafield>
  <datafield tag="500" ind1=" " ind2=" ">
    <subfield code="a">T&#xED;tulo original : Indianerkunst</subfield>
  </datafield>
  <datafield tag="650" ind1="1" ind2="4">
    <subfield code="a">Indios de Am&#xE9;rica del Norte</subfield>
    <subfield code="v">Arte</subfield>
    <subfield code="9">19611</subfield>
  </datafield>
  <datafield tag="650" ind1="1" ind2="4">
    <subfield code="a">Arte nativo</subfield>
    <subfield code="v">Exposiciones</subfield>
    <subfield code="9">19612</subfield>
  </datafield>
  <datafield tag="700" ind1="1" ind2=" ">
    <subfield code="a">Forman, Werner</subfield>
    <subfield code="e">coaut.</subfield>
    <subfield code="9">19613</subfield>
  </datafield>
  <datafield tag="700" ind1="1" ind2=" ">
    <subfield code="a">Zavala, Lauro Jos&#xE9;</subfield>
    <subfield code="e">tr.</subfield>
    <subfield code="9">19614</subfield>
  </datafield>
  <datafield tag="902" ind1=" " ind2=" ">
    <subfield code="a">GFM</subfield>
  </datafield>
  <datafield tag="942" ind1=" " ind2=" ">
    <subfield code="2">lcc</subfield>
    <subfield code="c">B</subfield>
  </datafield>
  <datafield tag="999" ind1=" " ind2=" ">
    <subfield code="c">7597</subfield>
    <subfield code="d">7597</subfield>
  </datafield>
  <datafield tag="952" ind1=" " ind2=" ">
    <subfield code="0">0</subfield>
    <subfield code="1">0</subfield>
    <subfield code="4">0</subfield>
    <subfield code="7">0</subfield>
    <subfield code="a">BRCA</subfield>
    <subfield code="b">BRCA</subfield>
    <subfield code="d">2014-03-07</subfield>
    <subfield code="i">302</subfield>
    <subfield code="l">0</subfield>
    <subfield code="o">E98 .SI571 1967 (302)</subfield>
    <subfield code="p">8538</subfield>
    <subfield code="r">2019-03-22 00:00:00</subfield>
    <subfield code="w">2019-03-22</subfield>
    <subfield code="y">B</subfield>
  </datafield>
</record>
